Vanaprastham_Malayalam (Record no. 38156)

MARC details
000 -LEADER
fixed length control field 00808nam a22001697a 4500
082 ## - DEWEY DECIMAL CLASSIFICATION NUMBER
Classification number 920 VAS
100 ## - MAIN ENTRY--AUTHOR NAME
Personal name Vasudevan Nair M T
245 ## - TITLE STATEMENT
Title Vanaprastham_Malayalam
250 ## - EDITION STATEMENT
Edition statement 1
260 ## - PUBLICATION, DISTRIBUTION, ETC. (IMPRINT)
Name of publisher Current Books
Place of publication Thrissur
Year of publication 2025
300 ## - PHYSICAL DESCRIPTION
Number of Pages Number of pages : 96
520 ## - SUMMARY, ETC.
Summary, etc 1993 เด“เดŸเด•เตเด•เตเดดเตฝ เด…เดตเดพเตผเดกเต เดฒเดญเดฟเดšเตเดšเด•เตƒเดคเดฟ ..เดฒเต‹เด•เด•เดฅเด•เดณเต‹เดŸเต เดšเต‡เตผเดคเตเดคเตเดตเดฏเตเด•เตเด•เดพเดตเตเดจเตเดจ เดจเดพเดฒเต เด•เดฅเด•เดณเตเดŸเต† เดธเดฎเดพเดนเดพเดฐเด‚ [เดธเตเด•เตƒเดคเด‚ ,เดชเต†เดฐเตเดฎเดดเดฏเตเดŸเต† เดชเดฟเดฑเตเดฑเต‡เดจเตเดจเต ,เดšเต†เดฑเดฟเดฏเดšเต†เดฑเดฟเดฏ เดญเต‚เด•เดฎเตเดชเด™เตเด™เตพ เด‡เดตเดฏเดพเดฃเต เดฎเดฑเตเดฑเต เด•เดฅเด•เตพ .
546 ## - LANGUAGE NOTE
Language note Language : Malayalam
650 ## - SUBJECT ADDED ENTRY--TOPICAL TERM
Topical Term GEN
942 ## - ADDED ENTRY ELEMENTS (KOHA)
Koha item type Text Book
952 ## - LOCATION AND ITEM INFORMATION (KOHA)
Damaged status
Not for loan
Holdings
Withdrawn status Collection code Permanent Location Current Location Date acquired Source of acquisition Cost, normal purchase price Inventory number Full call number Accession Number Price effective from Koha item type
  GENERAL VAST Central Library VAST Central Library 28/11/2025 Minerva Books 160.00 90 920 VAS 38304 22/12/2025 Text Book